| 000 | 00907nam a22002177a 4500 | ||
|---|---|---|---|
| 999 |
_c13591 _d13591 |
||
| 003 | AR-CdUCM | ||
| 008 | 190415b ||||| |||| 00| 0 spa d | ||
| 040 |
_aMUNICIPALIDAD PROVINCIAL DEL CUSCO _cBIBLIOTECA MUNICIPAL DEL CUSCO |
||
| 082 |
_aTS / 869.56 / _bN55 |
||
| 100 |
_aNieto, Luis _911864 |
||
| 245 |
_a2 Poetas cuzqueños : _bAbrahan Vizcarra Echave, Carmela Perea de Thompson / |
||
| 260 |
_aCusco : _bUniversidad nacional de San Antonio Abad del Cusco, _c1965. |
||
| 300 |
_a139 hojas ; _c22 cm. |
||
| 500 | _aAntes del titulo: Facultad de letras y ciencias humanas Tesis presentada para optar al grado de Doctor en letras. Donación de la familia Nieto. | ||
| 505 | _aContenido: 2 poetas Cuzqueños, Abrahan Vizcarra Echave, Carmela Perea de Thompson | ||
| 650 |
_aPoetas Peruanos _91611 |
||
| 650 |
_aCusco _9772 |
||
| 650 |
_aSiglo XX _98 |
||
| 942 |
_2ddc _cTESIS |
||
| 945 |
_acmm _d2019-04-15 |
||